| 000 | 00772nam a2200253 i 4500 | ||
|---|---|---|---|
| 001 | bg | ||
| 100 | 1 | _aWOŁOSZYN, Elżbieta | |
| 245 | 1 | 0 |
_aMeteorologia / _cElżbieta Wołoszyn ; Politechnika Gdańska. _nCz. 2, _pTablice i symbole. |
| 260 |
_aGdańsk : _bWydaw. PG, _c1995. |
||
| 300 |
_a79 s. : _brys. ; _c24 cm. |
||
| 504 | _aBibliogr. s. 78-79. | ||
| 521 | _aSkrypt przeznaczony dla studentów II roku Wydz. Inżynierii Środowiska. | ||
| 650 | 9 | _aMeteorologia | |
| 650 | 9 | _aMeteorologia | |
| 655 | _aPodręczniki akademickie | ||
| 655 | _aTablice i wzory | ||
| 020 | _a8386537272 (cz. 2) | ||
| 040 | _cBPK | ||
| 041 | 0 | _apl | |
| 080 | _a551.5(075.8)(083) | ||
| 920 | _a83-86537-27-2 (cz. 2) | ||
| 942 | _cKS | ||
| 008 | s pl f |000 0 pol | ||
| 999 |
_c24845 _d24845 |
||
| 856 |
_uhttp://koha.tu.koszalin.pl/cgi-bin/koha/opac-detail.pl?biblionumber=24845 _yKatalog online BPK |
||